Análisis comparativo de diferentes alternativas de rehabilitación para la Autopista General Cañas, Carretera Braulio Carrillo, Radial Santa Ana

Gespeichert in:
Bibliographische Detailangaben
1. Verfasser: Elizondo Arrieta, Fabián
Format: Buch
Veröffentlicht: San José, C.R 2001
Schlagworte:
Tags: Tag hinzufügen
Keine Tags, Fügen Sie den ersten Tag hinzu!

MARC

LEADER 00000nam a2200000Ia 4500
003 008766
005 20221231144201.0
008 140114s2001 cr a m 000 ||s d
040 |c cru CEDI 
090 |a TFG 4339 
100 |a Elizondo Arrieta, Fabián   |9 7739 
245 |a Análisis comparativo de diferentes alternativas de rehabilitación para la Autopista General Cañas, Carretera Braulio Carrillo, Radial Santa Ana  
260 |c 2001  |a  San José, C.R 
300 |a 86 hojas : ilustraciones a color  
500 |a  Proyecto de graduación (licenciatura en ingeniería civil)--Universidad de Costa Rica. Facultad de Ingeniería. Escuela de Ingeniería Civil 
650 |x CARRETERAS   |x  CUIDADO Y REPARACION   |x MATERIALES PARA CARRETERAS   |x PAVIMENTOS  |9 7740 
942 |c TFG 
999 |c 18099  |d 18099